| 000 | 00629nam a22001697a 4500 | ||
|---|---|---|---|
| 999 |
_c15243 _d15243 |
||
| 003 | OSt | ||
| 082 | _2631.75807 ROS/LA | ||
| 088 | _aT 83 | ||
| 100 |
_aROSHNI SEBASTIAN _92846 |
||
| 245 | _aLaboratory studies on soil moisture flow and runoff generation in laterite soil | ||
| 260 |
_aTavanur 1998 _bKelappaji College of Agricultural Engineering and Technology |
||
| 300 | _a98 | ||
| 500 | _aLaboratory studies on soil moisture flow and runoff generation in laterite soil | ||
| 520 | _aLaboratory studies on soil moisture flow and runoff generation in laterite soil | ||
| 700 |
_aEr. Noble Abraham (Guide) _92845 |
||
| 942 | _cTH | ||